20 Most common Nationalities in the Serie A - Statistics

General Stats
  • This quiz has been taken 55 times
  • The average score is 16 of 20
Answer Stats
Number of Players Nation % Correct
189 Italy
98%
30 France
94%
11 Germany
94%
27 Spain
94%
21 Argentina
92%
16 Brazil
92%
9 Portugal
88%
9 England
86%
16 Netherlands
84%
15 Croatia
78%
11 Poland
78%
10 Switzerland
78%
13 Belgium
76%
15 Denmark
76%
11 Serbia
76%
8 Sweden
76%
8 Columbia
67%
9 Morocco
63%
7 Nigeria
63%
10 Ivory Coast
24%
No matching quizzes found
Score Distribution
Percent of People with Each Score
Percentile by Number Answered
Your Score History
You have not taken this quiz